[Event "HUN-chT2 Breyer 1516"]
[Site "Hungary"]
[Date "2016.04.03"]
[Round "10.2"]
[White "Dupsky, Laszlo"]
[Black "Utto, Ferenc"]
[Result "1-0"]
[WhiteElo "2251"]
[BlackElo "1956"]
[PlyCount "57"]
[EventDate "2015.09.13"]
[EventType "team-tourn"]
[EventRounds "11"]
[EventCountry "HUN"]
[SourceTitle "EXT 2017"]
[Source "ChessBase"]
[SourceDate "2016.10.25"]
[SourceVersion "1"]
[SourceVersionDate "2016.10.25"]
[SourceQuality "1"]
[WhiteTeam "TTC Sakk"]
[BlackTeam "Turul"]
[WhiteTeamCountry "HUN"]
[BlackTeamCountry "HUN"]

1. d4 d5 2. Nf3 Nf6 3. Bf4 c5 4. c3 Nc6 5. e3 Qb6 6. Qc2 g6 7. Na3 a6 8. Qb3 Qa5 9. dxc5 Qxc5 10. Be2 Bg7 11. 0-0 0-0 12. Rfd1 b5 13. Nc2 Na5 14. Qb4 Qxb4 15. Nxb4 Bb7 16. a4 Nc4 17. axb5 axb5 18. Rab1 e6 19. Be5 Ne4 20. Bxg7 Kxg7 21. Nd4 Ned6 22. e4 Nxe4 23. Nxb5 Ned6 24. Nd4 Rfc8 25. Bf3 h6 26. b3 Na3 27. Rbc1 Nab5 28. Nxb5 Nxb5 29. c4 1-0

[Event "HUN-chT2 Breyer 1516"]
[Site "Hungary"]
[Date "2016.02.28"]
[Round "8.3"]
[White "Harmatosi, Jozsef"]
[Black "Utto, Ferenc"]
[Result "1/2-1/2"]
[WhiteElo "2153"]
[BlackElo "1943"]
[PlyCount "42"]
[EventDate "2015.09.13"]
[EventType "team-tourn"]
[EventRounds "11"]
[EventCountry "HUN"]
[SourceTitle "EXT 2017"]
[Source "ChessBase"]
[SourceDate "2016.10.25"]
[SourceVersion "1"]
[SourceVersionDate "2016.10.25"]
[SourceQuality "1"]
[WhiteTeam "Szazhalombatta"]
[BlackTeam "Turul"]
[WhiteTeamCountry "HUN"]
[BlackTeamCountry "HUN"]

1. d4 d5 2. Nf3 Nf6 3. e3 e6 4. Nbd2 Nbd7 5. Bd3 Be7 6. c3 c5 7. Ne5 0-0 8. f4 Ne8 9. 0-0 f5 10. b3 Nef6 11. Bb2 Nxe5 12. dxe5 Ng4 13. Rf3 Bd7 14. Qe2 h5 15. h3 Nh6 16. Rff1 Qe8 17. Nf3 g6 18. c4 a6 19. Rfc1 b5 20. Qe1 Rb8 21. Bc3 dxc4 1/2-1/2

[Event "HUN-chT2 Breyer 1516"]
[Site "Hungary"]
[Date "2015.10.04"]
[Round "2.3"]
[White "Urhegyi, Marton"]
[Black "Utto, Ferenc"]
[Result "1-0"]
[WhiteElo "2168"]
[BlackElo "1940"]
[PlyCount "37"]
[EventDate "2015.09.13"]
[EventType "team-tourn"]
[EventRounds "11"]
[EventCountry "HUN"]
[SourceTitle "CBM 170 Extra"]
[Source "ChessBase"]
[SourceDate "2016.02.25"]
[SourceVersion "1"]
[SourceVersionDate "2016.02.25"]
[SourceQuality "1"]
[WhiteTeam "Kobanya Aquarena"]
[BlackTeam "Turul"]
[WhiteTeamCountry "HUN"]
[BlackTeamCountry "HUN"]

1. e4 e5 2. Nf3 Nc6 3. Bb5 a6 4. Ba4 d6 5. 0-0 Bd7 6. c3 Nf6 7. Re1 b5 8. Bb3 Be7 9. h3 0-0 10. d4 Rb8 11. Nbd2 Qc8 12. Nf1 Re8 13. Ng3 Bf8 14. Bg5 h6 15. Bxf6 gxf6 16. Nh4 Ne7 17. Nh5 Bg7 18. Qf3 f5 19. Qg3 1-0

[Event "HUN-chT2 Breyer 1415"]
[Site "Hungary"]
[Date "2015.01.25"]
[Round "?"]
[White "Utto, Ferenc"]
[Black "Matuska, Miklos"]
[Result "1/2-1/2"]
[WhiteElo "1944"]
[BlackElo "2044"]
[PlyCount "42"]
[EventDate "2014.09.07"]
[EventType "team-tourn"]
[EventRounds "11"]
[EventCountry "HUN"]
[SourceTitle "EXT 2016"]
[Source "ChessBase"]
[SourceDate "2015.10.08"]
[SourceVersion "1"]
[SourceVersionDate "2015.10.08"]
[SourceQuality "1"]
[WhiteTeam "Turul"]
[BlackTeam "Pestszentlorinc"]
[WhiteTeamCountry "HUN"]
[BlackTeamCountry "HUN"]

1. d4 Nf6 2. Nf3 e6 3. g3 b6 4. Bg2 Bb7 5. 0-0 c5 6. c3 Be7 7. Bg5 0-0 8. Nbd2 h6 9. Bxf6 Bxf6 10. e4 d6 11. Re1 Nd7 12. e5 Be7 13. exd6 Bxd6 14. Nc4 Be7 15. Nce5 cxd4 16. Nxd7 Qxd7 17. Nxd4 Bxg2 18. Kxg2 Rfd8 19. Qf3 Rac8 20. Rab1 Qd5 21. Qxd5 Rxd5 1/2-1/2

[Event "HUN-chT2 Breyer 1415"]
[Site "Hungary"]
[Date "2014.10.12"]
[Round "3.8"]
[White "Utto, Ferenc"]
[Black "Bedecs, Marton"]
[Result "1/2-1/2"]
[WhiteElo "1944"]
[BlackElo "1791"]
[PlyCount "37"]
[EventDate "2014.09.07"]
[EventType "team-tourn"]
[EventRounds "11"]
[EventCountry "HUN"]
[SourceTitle "EXT 2016"]
[Source "ChessBase"]
[SourceDate "2015.10.08"]
[SourceVersion "1"]
[SourceVersionDate "2015.10.08"]
[SourceQuality "1"]
[WhiteTeam "Turul"]
[BlackTeam "Sarkany DSE"]
[WhiteTeamCountry "HUN"]
[BlackTeamCountry "HUN"]

1. d4 Nf6 2. Nf3 g6 3. c4 Bg7 4. Nc3 d6 5. e4 0-0 6. h3 c5 7. d5 Ne8 8. Qc2 f5 9. Bd3 Na6 10. a3 Qa5 11. Rb1 Bxc3+ 12. bxc3 fxe4 13. Bxe4 Ng7 14. 0-0 Nc7 15. Bh6 Nce8 16. Rfe1 Qc7 17. Nh4 Rf7 18. Bg5 Nf6 19. Bd3 1/2-1/2

[Event "HUN-chT2 Breyer 1213"]
[Site "Hungary"]
[Date "2012.11.18"]
[Round "4.7"]
[White "Metzger, Istvan"]
[Black "Utto, Ferenc"]
[Result "1/2-1/2"]
[WhiteElo "1976"]
[BlackElo "1970"]
[PlyCount "24"]
[EventDate "2012.09.16"]
[EventType "team-tourn"]
[EventRounds "11"]
[EventCountry "HUN"]
[SourceTitle "EXT 2014"]
[Source "ChessBase"]
[SourceDate "2013.11.20"]
[SourceVersion "1"]
[SourceVersionDate "2013.11.20"]
[SourceQuality "1"]
[WhiteTeam "Zsambek"]
[BlackTeam "Turul"]
[WhiteTeamCountry "HUN"]
[BlackTeamCountry "HUN"]

1. e4 c5 2. Nf3 e6 3. d4 cxd4 4. Nxd4 a6 5. Be2 Nf6 6. Bf3 e5 7. Nb3 d6 8. Nc3 Be7 9. Be3 Be6 10. 0-0 0-0 11. h3 Nbd7 12. Be2 b5 1/2-1/2

[Event "HUN-chT2 Breyer 1112"]
[Site "Hungary"]
[Date "2012.05.06"]
[Round "10.6"]
[White "Utto, Ferenc"]
[Black "Toth, Istvan"]
[Result "1-0"]
[WhiteElo "1969"]
[BlackElo "2142"]
[PlyCount "57"]
[EventDate "2011.09.25"]
[EventType "team-tourn"]
[EventRounds "11"]
[EventCountry "HUN"]
[SourceTitle "EXT 2013"]
[Source "ChessBase"]
[SourceDate "2012.11.22"]
[SourceVersion "1"]
[SourceVersionDate "2012.11.22"]
[SourceQuality "1"]
[WhiteTeam "Turul"]
[BlackTeam "Zoltek"]
[WhiteTeamCountry "HUN"]
[BlackTeamCountry "HUN"]

1. e4 c5 2. Nf3 Nc6 3. b3 d5 4. exd5 Qxd5 5. Nc3 Qd8 6. Bb5 Bd7 7. 0-0 Nf6 8. Qe2 e6 9. Bxc6 Bxc6 10. Ne5 Rc8 11. Nxc6 Rxc6 12. Bb2 Be7 13. a4 0-0 14. Rfe1 Qd4 15. Nd1 Qh4 16. Ne3 Rd8 17. Nf5 exf5 18. Qxe7 Rcd6 19. Bxf6 gxf6 20. d3 Qb4 21. Re2 a5 22. Rae1 b6 23. Re3 f4 24. Re4 Rd4 25. Qxf6 Rf8 26. Re5 h6 27. Qxh6 Rd5 28. Kf1 Rxe5 29. Rxe5 1-0

[Event "HUN-chT2 Breyer 1011"]
[Site "Hungary"]
[Date "2011.05.15"]
[Round "11.5"]
[White "Utto, Ferenc"]
[Black "Tessedik, Karoly"]
[Result "0-1"]
[WhiteElo "2000"]
[BlackElo "1993"]
[PlyCount "60"]
[EventDate "2010.09.12"]
[EventType "team-tourn"]
[EventRounds "11"]
[EventCountry "HUN"]
[SourceTitle "EXT 2012"]
[Source "ChessBase"]
[SourceDate "2011.11.24"]
[SourceVersion "1"]
[SourceVersionDate "2011.11.24"]
[SourceQuality "1"]
[WhiteTeam "Turul"]
[BlackTeam "Zsambek"]
[WhiteTeamCountry "HUN"]
[BlackTeamCountry "HUN"]

1. d4 d5 2. e3 Nf6 3. Bd3 c5 4. c3 Nc6 5. f4 cxd4 6. exd4 Bg4 7. Qb3 Qc7 8. Be3 a6 9. Nd2 e6 10. Ngf3 Bxf3 11. Nxf3 Ng4 12. Bd2 Bd6 13. h3 Nh6 14. g3 0-0 15. Qc2 g6 16. Ne5 Rac8 17. Nxc6 bxc6 18. b4 Nf5 19. Kf2 a5 20. Bxf5 exf5 21. a3 Rfe8 22. Rhe1 Re4 23. Re3 Rce8 24. Rxe4 fxe4 25. Ke3 Ra8 26. c4 axb4 27. c5 Bf8 28. Bxb4 Bg7 29. a4 f5 30. h4 Bxd4+ 0-1

[Event "HUN-chT2 Breyer 1011"]
[Site "Hungary"]
[Date "2010.11.07"]
[Round "5.4"]
[White "Utto, Ferenc"]
[Black "Szabo, Janos2"]
[Result "0-1"]
[WhiteElo "1994"]
[BlackElo "2176"]
[PlyCount "84"]
[EventDate "2010.09.12"]
[EventType "team-tourn"]
[EventRounds "11"]
[EventCountry "HUN"]
[SourceTitle "EXT 2012"]
[Source "ChessBase"]
[SourceDate "2011.11.24"]
[SourceVersion "1"]
[SourceVersionDate "2011.11.24"]
[SourceQuality "1"]
[WhiteTeam "Turul"]
[BlackTeam "MAFC"]
[WhiteTeamCountry "HUN"]
[BlackTeamCountry "HUN"]

1. d4 Nf6 2. Nf3 g6 3. g3 Bg7 4. Bg2 0-0 5. 0-0 a6 6. a4 d6 7. c4 c6 8. Nc3 Qc7 9. e4 Nbd7 10. h3 e5 11. d5 Nc5 12. Ne1 a5 13. Be3 Nfd7 14. Nd3 f5 15. Nxc5 Nxc5 16. Bxc5 dxc5 17. Qe2 f4 18. g4 Qf7 19. f3 Rd8 20. Rfd1 Bd7 21. Rd3 Bf6 22. Qf2 Qe7 23. d6 Qe6 24. Qxc5 b6 25. Qf2 Qxc4 26. Bf1 Rdb8 27. Rad1 Qf7 28. R3d2 Kg7 29. Rc1 h5 30. Nd1 Bd8 31. Bc4 Qf6 32. Kf1 hxg4 33. hxg4 b5 34. axb5 Bb6 35. Qg2 cxb5 36. Bd5 Ra7 37. g5 Qf8 38. Bc6 Be6 39. Bd5 Bd7 40. Qh2 Qh8 41. Qxh8+ Rxh8 42. Nf2 Be3 0-1

[Event "HUN-chT2 Breyer 1011"]
[Site "Hungary"]
[Date "2010.10.24"]
[Round "4.5"]
[White "Utto, Ferenc"]
[Black "Frank, Jozsef"]
[Result "0-1"]
[WhiteElo "1994"]
[BlackElo "2009"]
[PlyCount "78"]
[EventDate "2010.09.12"]
[EventType "team-tourn"]
[EventRounds "11"]
[EventCountry "HUN"]
[SourceTitle "EXT 2012"]
[Source "ChessBase"]
[SourceDate "2011.11.24"]
[SourceVersion "1"]
[SourceVersionDate "2011.11.24"]
[SourceQuality "1"]
[WhiteTeam "Turul"]
[BlackTeam "Gyor Elektromos"]
[WhiteTeamCountry "HUN"]
[BlackTeamCountry "HUN"]

1. d4 Nf6 2. e3 d6 3. Nf3 Nbd7 4. Bd3 e5 5. Nbd2 Be7 6. 0-0 0-0 7. b3 Re8 8. Bb2 Bf8 9. e4 exd4 10. Bxd4 b6 11. Re1 Bb7 12. Ng5 h6 13. Nh3 Ne5 14. f3 Nxd3 15. cxd3 d5 16. e5 Nd7 17. f4 c5 18. Bb2 Qh4 19. Nf3 Qg4 20. Bc1 f6 21. Nf2 Qe6 22. d4 fxe5 23. fxe5 Qg6 24. Bb2 cxd4 25. Bxd4 Nc5 26. Nh4 Qg5 27. Nf3 Qf5 28. b4 Ne6 29. b5 Nxd4 30. Nxd4 Qf4 31. Nf3 Bc5 32. Rf1 Rad8 33. Kh1 Bxf2 34. Rxf2 d4 35. Qb3+ Kh8 36. Raf1 d3 37. e6 Qe3 38. Nd2 Rxe6 39. Nc4 Qxf2 0-1

[Event "HUN-chT2 Breyer 1011"]
[Site "Hungary"]
[Date "2010.09.26"]
[Round "2.5"]
[White "Utto, Ferenc"]
[Black "Szabo, Laszlo4"]
[Result "1/2-1/2"]
[WhiteElo "1994"]
[BlackElo "2052"]
[PlyCount "58"]
[EventDate "2010.09.12"]
[EventType "team-tourn"]
[EventRounds "11"]
[EventCountry "HUN"]
[SourceTitle "EXT 2012"]
[Source "ChessBase"]
[SourceDate "2011.11.24"]
[SourceVersion "1"]
[SourceVersionDate "2011.11.24"]
[SourceQuality "1"]
[WhiteTeam "Turul"]
[BlackTeam "Gyor Komszomol"]
[WhiteTeamCountry "HUN"]
[BlackTeamCountry "HUN"]

1. d4 Nf6 2. Nf3 e6 3. e3 c5 4. Bd3 d5 5. b3 Nbd7 6. Nbd2 b6 7. Bb2 Bb7 8. 0-0 Bd6 9. c4 0-0 10. Qc2 Rc8 11. Ne5 h6 12. Rac1 Qe7 13. Ndf3 cxd4 14. exd4 Rc7 15. Qe2 Rfc8 16. Nxd7 Nxd7 17. Ne5 Nxe5 18. dxe5 Ba3 19. Bxa3 Qxa3 20. Rb1 dxc4 21. Bxc4 a6 22. Rbd1 b5 23. Bd3 Rc1 24. Qd2 Rxd1 25. Rxd1 Qc5 26. Qe2 Qa3 27. Qd2 Qc5 28. Qe2 Qa3 29. Qd2 Qc5 1/2-1/2

[Event "HUN-chT2 Breyer 0910"]
[Site "Hungary"]
[Date "2010.02.28"]
[Round "7"]
[White "Utto, Ferenc"]
[Black "Dibusz, Ferenc"]
[Result "1-0"]
[WhiteElo "1970"]
[BlackElo "2183"]
[PlyCount "105"]
[EventDate "2009.11.08"]
[EventType "team-tourn"]
[EventRounds "11"]
[EventCountry "HUN"]
[SourceTitle "EXT 2011"]
[Source "ChessBase"]
[SourceDate "2010.11.26"]
[SourceVersion "1"]
[SourceVersionDate "2010.11.26"]
[SourceQuality "1"]
[WhiteTeam "Turul"]
[BlackTeam "Geniusz Tata"]
[WhiteTeamCountry "HUN"]
[BlackTeamCountry "HUN"]

1. d4 d5 2. Nf3 Nf6 3. e3 e6 4. Bd3 c5 5. b3 Nc6 6. 0-0 Bd6 7. Nbd2 0-0 8. Bb2 b6 9. a3 Bb7 10. Ne5 Nd7 11. f4 f5 12. Ndf3 Nf6 13. Nxc6 Bxc6 14. c3 b5 15. dxc5 Bxc5 16. Nd4 Bxd4 17. cxd4 a5 18. Rc1 Qb6 19. h3 Rfc8 20. Rc2 Bb7 21. Rff2 b4 22. a4 Ba6 23. Rxc8+ Rxc8 24. Bb1 Rc6 25. Rc2 Ne4 26. Qc1 Nc3 27. Bxc3 Bd3 28. Bxb4 Bxc2 29. Bc5 Bxb1 30. Qxb1 Qb7 31. Qd3 Rc8 32. Qc3 Rb8 33. Qxa5 Qxb3 34. Qc7 Qxe3+ 35. Kh2 Qb3 36. Bd6 Rb7 37. Qd8+ Kf7 38. Qf8+ Kg6 39. Qe8+ Rf7 40. Qxe6+ Rf6 41. Qe8+ Kh6 42. g4 Qc2+ 43. Kg3 Rg6 44. Qe7 Rf6 45. g5+ Kh5 46. gxf6 Qd3+ 47. Kf2 Qd2+ 48. Kf3 Qd1+ 49. Qe2 Qxd4 50. f7 Qc3+ 51. Kg2+ Kh4 52. Qf2+ Kh5 53. Qf3+ 1-0

[Event "HUN-chT2 Breyer 0809"]
[Site "Hungary"]
[Date "2008.11.30"]
[Round "3"]
[White "Gal, Lajos"]
[Black "Utto, Ferenc"]
[Result "1/2-1/2"]
[WhiteElo "2123"]
[BlackElo "1970"]
[PlyCount "26"]
[EventDate "2008.10.26"]
[EventType "tourn"]
[EventRounds "11"]
[EventCountry "HUN"]
[SourceTitle "EXT 2010"]
[Source "ChessBase"]
[SourceDate "2010.11.25"]
[SourceVersion "1"]
[SourceVersionDate "2010.11.25"]
[SourceQuality "1"]
[WhiteTeam "Esztergom"]
[BlackTeam "Turul"]
[WhiteTeamCountry "HUN"]
[BlackTeamCountry "HUN"]

1. d4 d5 2. Nf3 e6 3. e3 Nf6 4. c4 Be7 5. Nc3 0-0 6. Bd2 b6 7. Be2 Bb7 8. 0-0 Nbd7 9. Qb3 c5 10. Rfd1 Rc8 11. cxd5 exd5 12. a4 Re8 13. Bb5 c4 1/2-1/2

[Event "HUN-chT2 Breyer 0708"]
[Site "Hungary"]
[Date "2007.11.25"]
[Round "3"]
[White "Gelle, Istvan"]
[Black "Utto, Ferenc"]
[Result "1-0"]
[WhiteElo "2324"]
[BlackElo "1986"]
[PlyCount "95"]
[EventDate "2007.10.14"]
[EventType "team-tourn"]
[EventRounds "11"]
[EventCountry "HUN"]
[SourceTitle "EXT 2009"]
[Source "ChessBase"]
[SourceDate "2008.11.26"]
[SourceVersion "1"]
[SourceVersionDate "2008.11.26"]
[SourceQuality "1"]
[WhiteTeam "Hobagoly"]
[BlackTeam "Turul"]
[WhiteTeamCountry "HUN"]
[BlackTeamCountry "HUN"]

1. d4 Nf6 2. Bf4 e6 3. e3 c5 4. c3 Be7 5. Nd2 d5 6. Ngf3 0-0 7. Bd3 Nc6 8. Ne5 Nd7 9. Qh5 g6 10. Qh6 cxd4 11. exd4 Bf6 12. Ndf3 Bg7 13. Qh3 Ncxe5 14. dxe5 Nc5 15. Bc2 f6 16. Qg3 Nd7 17. 0-0 fxe5 18. Nxe5 Nxe5 19. Bxe5 Bxe5 20. Qxe5 Qf6 21. Rae1 Qxe5 22. Rxe5 Bd7 23. f4 Rac8 24. Rf2 a5 25. a4 b6 26. g3 Kg7 27. Rd2 Rc7 28. Kf2 Kf6 29. Ke3 Rfc8 30. h4 b5 31. axb5 Bxb5 32. g4 a4 33. g5+ Kf7 34. h5 a3 35. hxg6+ hxg6 36. Rh2 axb2 37. Rh7+ Kg8 38. Rxc7 Rxc7 39. Rxe6 Rxc3+ 40. Kd2 d4 41. Rxg6+ Kf7 42. Rb6 Rc5 43. g6+ Kf8 44. Rb8+ Kg7 45. Rb7+ Kf8 46. f5 d3 47. Bb1 Rxf5 48. g7+ 1-0

[Event "HUN-chT2 Breyer 0506"]
[Site "Hungary"]
[Date "2006.01.22"]
[Round "6"]
[White "Novak, Attila Robert"]
[Black "Utto, Ferenc"]
[Result "0-1"]
[WhiteElo "1968"]
[BlackElo "1986"]
[PlyCount "48"]
[EventDate "2005.10.16"]
[EventType "team-tourn"]
[EventRounds "11"]
[EventCountry "HUN"]
[SourceTitle "EXT 2009"]
[Source "ChessBase"]
[SourceDate "2008.11.26"]
[SourceVersion "1"]
[SourceVersionDate "2008.11.26"]
[SourceQuality "1"]
[WhiteTeam "Balatonfuered"]
[BlackTeam "Turul"]
[WhiteTeamCountry "HUN"]
[BlackTeamCountry "HUN"]

1. d4 Nf6 2. Nf3 e6 3. Bg5 c5 4. c3 h6 5. Bxf6 Qxf6 6. e3 d5 7. Bb5+ Bd7 8. Qb3 Nc6 9. Bxc6 Bxc6 10. Ne5 c4 11. Qc2 Bd6 12. Nxc6 bxc6 13. Nd2 0-0 14. e4 e5 15. dxe5 Qxe5 16. 0-0-0 a5 17. g3 Qe7 18. exd5 cxd5 19. Rhe1 Qb7 20. Nxc4 Bc5 21. Qf5 Rfd8 22. Re5 dxc4 23. Rxd8+ Rxd8 24. Rxc5 Qh1+ 0-1

[Event "HUN-chT2 Breyer 0405"]
[Site "Hungary"]
[Date "2005.02.20"]
[Round "8"]
[White "Utto, Ferenc"]
[Black "Pataki, Zoltan"]
[Result "0-1"]
[WhiteElo "2000"]
[BlackElo "1942"]
[PlyCount "106"]
[EventDate "2004.09.26"]
[EventType "team-tourn"]
[EventRounds "11"]
[EventCountry "HUN"]
[SourceTitle "EXT 2009"]
[Source "ChessBase"]
[SourceDate "2008.11.26"]
[SourceVersion "1"]
[SourceVersionDate "2008.11.26"]
[SourceQuality "1"]
[WhiteTeam "Turul"]
[BlackTeam "Komarom"]
[WhiteTeamCountry "HUN"]
[BlackTeamCountry "HUN"]

1. c4 Nf6 2. Nc3 g6 3. e4 e5 4. Nf3 d6 5. d4 exd4 6. Nxd4 Bg7 7. Be2 0-0 8. 0-0 Re8 9. f3 Nc6 10. Be3 Nd7 11. Qd2 Nce5 12. b4 Nb6 13. Rac1 Nbxc4 14. Bxc4 Nxc4 15. Qe2 Nxe3 16. Qxe3 d5 17. Nce2 dxe4 18. fxe4 f5 19. Qb3+ Kh8 20. Rfd1 c6 21. Kh1 Qf6 22. exf5 Bxf5 23. Rf1 Qg5 24. Nxf5 Rxe2 25. Qf3 Rae8 26. Nxg7 Kxg7 27. Rcd1 Qe7 28. Qg4 Re4 29. Qh3 Qxb4 30. a3 Qc5 31. Qb3 Qe7 32. Qc3+ Kg8 33. Qb3+ Kh8 34. Qh3 Re3 35. Qg4 Rd8 36. Rb1 Rxa3 37. Rfe1 Re3 38. Rf1 b5 39. h3 Qe4 40. Qxe4 Rxe4 41. Rf7 Red4 42. Kh2 R8d7 43. Rf6 R4d6 44. Rf8+ Kg7 45. Rc8 a5 46. Re1 b4 47. Ra8 Rd5 48. h4 b3 49. Ree8 b2 50. Rg8+ Kh6 51. g4 Rd2+ 52. Kg3 b1Q 53. g5+ Kh5 0-1

[Event "HUN-chT2 Breyer 0304"]
[Site "Hungary"]
[Date "2004.03.21"]
[Round "9"]
[White "Fogarasi, Norbert"]
[Black "Utto, Ferenc"]
[Result "1/2-1/2"]
[WhiteElo "2127"]
[BlackElo "1990"]
[PlyCount "34"]
[EventDate "2003.09.28"]
[EventType "team-tourn"]
[EventRounds "11"]
[EventCountry "HUN"]
[SourceTitle "EXT 2009"]
[Source "ChessBase"]
[SourceDate "2008.11.26"]
[SourceVersion "1"]
[SourceVersionDate "2008.11.26"]
[SourceQuality "1"]
[WhiteTeam "Vasutepito"]
[BlackTeam "Turul"]
[WhiteTeamCountry "HUN"]
[BlackTeamCountry "HUN"]

1. e4 c5 2. Nc3 Nc6 3. f4 g6 4. Nf3 Bg7 5. Bb5 d6 6. 0-0 Bd7 7. d3 e6 8. Bxc6 Bxc6 9. Qe1 Ne7 10. Kh1 0-0 11. Qh4 f6 12. Be3 b6 13. d4 Qc7 14. Rad1 Rad8 15. Qh3 Qc8 16. Bf2 Bd7 17. Qg3 d5 1/2-1/2